Dusán Makavejev Sweet movie /
Elmentve itt :
| Szerző: | |
|---|---|
| Dokumentumtípus: | Cikk |
| Megjelent: |
1993
|
| Sorozat: | Iskolakultúra
3 No. 18 |
| Kulcsszavak: | Filmkritika |
| Online Access: | http://misc.bibl.u-szeged.hu/43854 |
| LEADER | 00571nab a2200181 i 4500 | ||
|---|---|---|---|
| 001 | misc43854 | ||
| 005 | 20191106141240.0 | ||
| 008 | 180910s1993 hu o 0|| zxx d | ||
| 022 | |a 1215-5233 | ||
| 040 | |a SZTE Miscellanea Repozitórium |b hun | ||
| 041 | |a zxx | ||
| 100 | 1 | |a Sneé Péter | |
| 245 | 1 | 0 | |a Dusán Makavejev |h [elektronikus dokumentum] : |b Sweet movie / |c Sneé Péter |
| 260 | |c 1993 | ||
| 300 | |a 7-11 | ||
| 490 | 0 | |a Iskolakultúra |v 3 No. 18 | |
| 695 | |a Filmkritika | ||
| 856 | 4 | 0 | |u http://misc.bibl.u-szeged.hu/43854/1/iskolakultura_1993_018_007-011.pdf |z Dokumentum-elérés |